[Event "Ile et Vilaine op"]
[Site "Rennes"]
[Date "2011.06.13"]
[Round "5"]
[White "Ferret Leger, Gaspard"]
[Black "Dugue, Benoit"]
[Result "1-0"]
[WhiteElo "1756"]
[BlackElo "1873"]
[PlyCount "38"]
[EventDate "2011.06.11"]
[EventType "swiss"]
[EventRounds "7"]
[EventCountry "FRA"]
[SourceTitle "EXT 2012"]
[Source "ChessBase"]
[SourceDate "2011.11.24"]
[SourceVersion "1"]
[SourceVersionDate "2011.11.24"]
[SourceQuality "1"]

1. e4 c6 2. d4 d5 3. Nc3 dxe4 4. Nxe4 Nf6 5. Nxf6+ exf6 6. c3 Bf5 7. Bc4 Be7 8. Bf4 Nd7 9. Nf3 Nb6 10. Bb3 0-0 11. 0-0 Re8 12. Re1 Qd7 13. Nd2 Bd6 14. Bxd6 Rxe1+ 15. Qxe1 Re8 16. Qd1 Qxd6 17. Qf3 Qe7 18. Qxf5 Qe1+ 19. Rxe1 Rxe1+ 1-0

[Event "Ile et Vilaine op"]
[Site "Rennes"]
[Date "2011.06.11"]
[Round "1"]
[White "Alanic, Xavier"]
[Black "Dugue, Benoit"]
[Result "1/2-1/2"]
[WhiteElo "2287"]
[BlackElo "1873"]
[PlyCount "66"]
[EventDate "2011.06.11"]
[EventType "swiss"]
[EventRounds "7"]
[EventCountry "FRA"]
[SourceTitle "EXT 2012"]
[Source "ChessBase"]
[SourceDate "2011.11.24"]
[SourceVersion "1"]
[SourceVersionDate "2011.11.24"]
[SourceQuality "1"]

1. e4 c6 2. d4 d5 3. e5 c5 4. dxc5 Nc6 5. Bb5 e6 6. Be3 Bd7 7. Bxc6 Bxc6 8. Nf3 Qa5+ 9. c3 Bb5 10. b4 Qc7 11. a4 Bc4 12. Na3 Rd8 13. Bd4 b6 14. Nxc4 dxc4 15. cxb6 axb6 16. Qe2 Ne7 17. 0-0 Nf5 18. Rfd1 Be7 19. a5 Nxd4 20. Nxd4 0-0 21. axb6 Qxb6 22. Qxc4 Rc8 23. Qb5 Qc7 24. Ne2 Rfd8 25. Kf1 f6 26. f4 fxe5 27. Qxe5 Qc4 28. Rxd8+ Rxd8 29. Rc1 Rd2 30. f5 Rxe2 31. Qxe2 Qf4+ 32. Qf3 Qxc1+ 33. Ke2 Qc2+ 1/2-1/2

[Event "FRA-chT 0304 Regionale"]
[Site "Bretagne "]
[Date "2004.01.18"]
[Round "4"]
[White "Lenoir, Pierre"]
[Black "Dugue, Benoit"]
[Result "1-0"]
[WhiteElo "1330"]
[BlackElo "1260"]
[PlyCount "83"]
[EventDate "2003.01.16"]
[EventType "team"]
[EventRounds "7"]
[EventCountry "FRA"]
[SourceTitle "EXT 2007"]
[Source "ChessBase"]
[SourceDate "2006.11.23"]
[SourceVersion "1"]
[SourceVersionDate "2006.11.23"]
[SourceQuality "1"]

1. d4 d5 2. Nf3 Nf6 3. c3 a6 4. Bg5 e6 5. e3 h6 6. Bxf6 Qxf6 7. Bd3 Bd6 8. Nbd2 Nc6 9. a3 e5 10. dxe5 Bxe5 11. Be2 Bf5 12. Nd4 Nxd4 13. cxd4 Bd6 14. Qb3 0-0 15. Qxd5 c6 16. Qb3 b5 17. Bd3 Bxd3 18. Qxd3 c5 19. Ne4 Qg6 20. g3 c4 21. Qb1 Rfe8 22. Nxd6 Qxd6 23. 0-0 Qc6 24. Qd1 Red8 25. Rc1 a5 26. Qe2 Rdc8 27. Rc2 a4 28. Rfc1 Qd5 29. Qd2 f5 30. Qb4 g5 31. Qe1 h5 32. Qf1 Kg7 33. Qg2 Qe6 34. Qb7+ Kg6 35. Qxb5 h4 36. Rxc4 Rxc4 37. Rxc4 Rc8 38. Rxc8 Qxc8 39. Kg2 Qa8+ 40. Kf1 h3 41. d5 g4 42. Qc6+ 1-0

[Event "FRA-chT 0304 Regionale"]
[Site "Bretagne "]
[Date "2003.11.16"]
[Round "2"]
[White "Dugue, Benoit"]
[Black "Le Bail, Daniel"]
[Result "0-1"]
[WhiteElo "1220"]
[BlackElo "1340"]
[PlyCount "150"]
[EventDate "2003.01.16"]
[EventType "team"]
[EventRounds "7"]
[EventCountry "FRA"]
[SourceTitle "EXT 2007"]
[Source "ChessBase"]
[SourceDate "2006.11.23"]
[SourceVersion "1"]
[SourceVersionDate "2006.11.23"]
[SourceQuality "1"]

1. e4 e6 2. e5 d5 3. exd6 Bxd6 4. d4 h6 5. Nf3 Nf6 6. Bd3 b6 7. 0-0 Bb7 8. c3 Be4 9. Re1 Bxd3 10. Qxd3 c5 11. Be3 0-0 12. Nbd2 Nc6 13. Ne4 Nxe4 14. Qxe4 Qc7 15. dxc5 bxc5 16. b4 Ne7 17. Rac1 Nd5 18. a3 Nxe3 19. Rxe3 cxb4 20. axb4 Bf4 21. Ree1 Bxc1 22. Rxc1 Rac8 23. Nd4 a5 24. bxa5 Qxa5 25. Ne2 Rfd8 26. Qe3 Qa2 27. Ng3 Qb3 28. h3 Rd1+ 29. Rxd1 Qxd1+ 30. Kh2 h5 31. h4 Qg4 32. Qe5 Qxh4+ 33. Kg1 g6 34. Ne4 Qd8 35. Nf6+ Kf8 36. Nh7+ Kg8 37. Nf6+ Kf8 38. Nh7+ Ke7 39. Qf6+ Kd7 40. Qxf7+ Qe7 41. Nf6+ Kd8 42. Qg8+ Kc7 43. Qxg6 Qc5 44. Qg3+ Qd6 45. Qg7+ Kb8 46. Nxh5 Qd1+ 47. Kh2 Qxh5+ 48. Kg1 Rh8 49. f3 Qc5+ 50. Qd4 Qxd4+ 51. cxd4 Kc7 52. Kf2 Kd6 53. Ke3 Rg8 54. g4 Kd5 55. Kd3 Rh8 56. Ke3 Rh1 57. g5 Re1+ 58. Kf4 Kxd4 59. Kg4 Ke3 60. g6 Rg1+ 61. Kh5 Kxf3 62. Kh6 e5 63. Kh7 e4 64. g7 e3 65. g8Q Rxg8 66. Kxg8 e2 67. Kf7 e1Q 68. Kf6 Qe4 69. Kg5 Kg3 70. Kf6 Kg4 71. Kg7 Kg5 72. Kf7 Qe5 73. Kf8 Kf6 74. Kg8 Qe7 75. Kh8 Qg7# 0-1